Simultaneous control of 1,4-cis selectivity and molecular weight of polymer in polymerization of butadiene with Co(acac)3/MAO catalyst (Record no. 68733)

MARC details
000 -LEADER
fixed length control field 00485nam a2200145Ia 4500
100 ## - MAIN ENTRY--AUTHOR NAME
Personal name Endo Kiyoshi
245 #0 - TITLE STATEMENT
Title Simultaneous control of 1,4-cis selectivity and molecular weight of polymer in polymerization of butadiene with Co(acac)3/MAO catalyst
260 ## - PUBLICATION, DISTRIBUTION, ETC. (IMPRINT)
Name of publisher Rubber Chemistry and Technology
Year of publication 2005
300 ## - PHYSICAL DESCRIPTION
Number of Pages 143-154
650 ## - SUBJECT ADDED ENTRY--TOPICAL TERM
Topical Term Molecular weight
650 ## - SUBJECT ADDED ENTRY--TOPICAL TERM
Topical Term Polymerization
700 ## - ADDED ENTRY--PERSONAL NAME
Personal name Hatakeyama Naoyoshi
942 ## - ADDED ENTRY ELEMENTS (KOHA)
Koha item type Journals
Holdings
Withdrawn status Lost status Damaged status Not for loan Home library Current library Shelving location Date acquired Serial Enumeration / chronology Koha item type
      Journals RRII Library RRII Library Rubber chemistry 17/12/2021 Volume 78, Issue 1 Journals